000 00339 a2200157 4500
001 56859
020 _a8530502957
040 _cAnchieta - Pituba
100 _aGarcia, Edson Gabriel
240 1 0 _aBem dentro de mim
_lpor
245 1 0 _aBem dentro de mim
300 _a48
362 0 _a2003
650 4 _aLiteratura juvenil
942 _cBK
999 _c56859
_d56859